| 000 | 00628nam a2200241 a 4500 | ||
|---|---|---|---|
| 001 | nice12345678 | ||
| 003 | IN_TiNIC | ||
| 005 | 20260116013008.0 | ||
| 008 | 050524s1979 paka grp 000 0 eng | ||
| 020 |
_a _c100 |
||
| 082 | 0 | 0 |
_a340.5905491 _bZIA |
| 100 | _aZia-Ul-Haq, Mohd | ||
| 245 | _aIntroduction of Islamic Laws; Address to the Nation | ||
| 260 |
_aPakistan, Islamabad _bMinistry of Information _c1979 |
||
| 300 | _a77p | ||
| 500 | _aincludes index and biblioraphy | ||
| 505 | 2 | _aIndex. | |
| 650 | _aIslamic-Law Pakistan | ||
| 700 | 1 | _aZia-Ul-Haq, Mohd | |
| 902 | _bSRS | ||
| 942 | _cBK | ||
| 999 |
_c9200 _d9200 |
||